000 00565nam a2200169Ia 4500
008 090711s9999 xx 000 0 und d
082 _b51406
100 _aगोडबोले ल. ना.
245 _aसार्थ ऋग्वेदी संध्या
260 _c1985
300 _a32
600 _aगोडबोले ल. ना.
630 _aसार्थ ऋग्वेदी संध्या
700 _aगोडबोले ल. ना.
730 _aसार्थ ऋग्वेदी संध्या
942 _cBOOK
999 _c284019
_d284019